000 01569cam a22004694i 4500
003 PE-LiUPU
005 20250731173121.0
008 150623s2001 sp a rb 000 0 spa d
020 _a8429314067
035 _a(Sirsi) i9788429314069
040 _aPE-LiUPU
_bspa
_cPE-LiUPU
_erda
049 _aPRUA
082 0 4 _a220.6
_bI41
_221
100 1 _aBarton, John,
_eautor.
245 1 3 _aLa interpretación bíblica, hoy.
_n113 /
_cJohn Barton.
264 1 _aBilbao, España :
_bEditorial SAL TERRAE,
_c2001.
300 _a390 páginas :
_bilustraciones ;
_c21 centímetros
336 _atext
_2rdacontent
337 _aunmediated
_2rdamedia
338 _avolume
_2rdacarrier
490 0 _aPresencia Teológica ;
_v113
504 _aIncluye bibliografía.
505 0 _aLíneas metodológicas. -Los libros bíblicos en la interpretación moderna.
526 _aSEG42
526 _aSEG41
526 _aSEG40
526 _aSEG39
526 _aP94
526 _aP87
526 _aP86
526 _aP85
526 _aP77
526 _aP76
526 _aP35
630 _aBiblia
_xCrítica, interpretación, etc.
_ySiglo XX.
942 _2ddc
_cBOOK
949 _a220.6 I41 113
_wDEWEY
_c1
_i49630
_lCCODEBUL1
_mBUL
_r0
_sY
_tBOOK
_u2015-6-24
_xTEOLOGIA
_PP35
_0COMPRA
_o.STAFF. Colección General
994 _aC0
_bPEPRU
596 _a1
999 _a220.6 I41 113
_wDEWEY
_c32460
_i49630
_d32460
_f2021-11-9
_g5
_lCCODEBUL1
_mBUL
_q1
_r0
_sY
_tBOOK
_u2015-6-24
_xTEOLOGIA
_PP35
_0COMPRA
_o.STAFF. Colección Teología
980 _81
_gALBERTO SANCHEZ Responsable de Automatización